All the cities on my World Map-Africa Edition - Statistics

General Stats
  • This quiz has been taken 14 times
  • The average score is 58 of 118
Answer Stats
Country City % Correct
Morocco Casablanca
100%
Morocco Rabat
100%
Tunisia Tunis
100%
Algeria Algiers
91%
Libya Tripoli
91%
Nigeria Abuja
82%
Ghana Accra
82%
Ethiopia Addis Ababa
82%
Egypt Alexandria
82%
Guinea Bissau Bissau
82%
Republic of the Congo Brazzaville
82%
Egypt Cairo
82%
South Africa Cape Town
82%
Guinea Conakry
82%
Senegal Dakar
82%
Tanzania Dar Es Salaam
82%
Djibouti Djibouti
82%
Morocco Fez
82%
Sierra Leone Freetown
82%
Zimbabwe Harare
82%
Sudan Khartoum
82%
D.R.C Kinshasa
82%
Nigeria Lagos
82%
Gabon Libreville
82%
Angola Luanda
82%
Zambia Lusaka
82%
Somalia Mogadishu
82%
Liberia Monrovia
82%
Kenya Nairobi
82%
South Africa Pretoria
82%
Seychelles Victoria
82%
Madagascar Antananarivo
73%
Mali Bamako
73%
South Africa Bloemfontein
73%
Botswana Gaborone
73%
South Africa Johannesburg
73%
Uganda Kampala
73%
Nigeria Kano
73%
Rwanda Kigali
73%
Chad N Djamena
73%
Mauritius Port Louis
73%
Cameroon Yaounde
73%
C.A.R Bangui
64%
South Africa Durban
64%
South Sudan Juba
64%
Malawi Lilongwe
64%
Togo Lome
64%
Mozambique Maputo
64%
Swaziland Mbabane
64%
Burkina Faso Ouagadougou
64%
Benin Porto Novo
64%
Sao Tome and Principe Sao Tome
64%
Mali Timbuktu
64%
Namibia Windhoek
64%
Ivory Coast Yamoussoukro
64%
Eritrea Asmara
55%
Gambia Banjul
55%
Libya Benghazi
55%
Tanzania Dodoma
55%
Cameroon Douala
55%
Morocco Marrakech/Marrakesh
55%
Lesotho Maseru
55%
Kenya Mombasa
55%
Niger Niamey
55%
Mauritania Nouakchott
55%
Algeria Oran
55%
South Africa Port Elizabeth
55%
Cape Verde Praia
55%
Burundi Bujumbura
45%
Nigeria Ibadan
45%
Equatorial Guinea Malabo
45%
Comoros Moroni
45%
Tanzania Zanzibar
45%
South Africa East London
36%
D.R.C Lubumbashi
36%
D.R.C Mbuji Mayi
36%
Republic of the Congo Pointe Noire
36%
Sudan Port Sudan
36%
France(Reunion) St Denis
36%
Egypt Aswan
27%
Malawi Blantyre
27%
Zimbabwe Bulawayo
27%
Angola Cabinda
27%
Algeria Constantine
27%
Tanzania Mwanza
27%
Sudan Omdurman
27%
Egypt Suez
27%
Angola Benguela
18%
Zambia Kitwe
18%
Morocco Laayoune
18%
Zambia Livingstone
18%
Mauritania Nouadhibou
18%
Niger Agadez
9%
Egypt Asyut
9%
Mozambique Beira
9%
Angola Huambo
9%
Sudan Kassala
9%
Botswana Maun
9%
Namibia Walvis Bay
9%
Chad Abeche
0%
Algeria Bechar
0%
Somalia Berbera
0%
C.A.R Birao
0%
C.A.R Bouar
0%
Cameroon Garoua
0%
Somalia Kismaayo
0%
D.R.C Kolwezi
0%
Madagascar Mahajanga
0%
Sudan Malakal
0%
D.R.C Mbandaka
0%
Libya Misratah
0%
Mozambique Nampula
0%
Morocco Ouida
0%
Madagascar Tianarantsoa
0%
Madagascar Toamasina
0%
Madagascar Toliara
0%
Libya Tubruq
0%
South Africa Upington
0%
No matching quizzes found
Score Distribution
Percent of People with Each Score
Percentile by Number Answered
Your Score History
You have not taken this quiz